Welcome to CU Library Online Public Access Catalogue (OPAC)

Forgotten truths / (Record no. 6358)

MARC details
000 -LEADER
fixed length control field 00713cam a2200229 i 4500
001 - CONTROL NUMBER
control field 3244399
005 - DATE AND TIME OF LATEST TRANSACTION
control field 20250609144139.0
008 - FIXED-LENGTH DATA ELEMENTS--GENERAL INFORMATION
fixed length control field 800529r19801914miu b 001 0 eng
020 ## - INTERNATIONAL STANDARD BOOK NUMBER
International Standard Book Number 0825421306 (pbk.) :
Terms of availability $3.95
050 00 - LIBRARY OF CONGRESS CALL NUMBER
Classification number BT885
Item number .A53 1980
082 00 - DEWEY DECIMAL CLASSIFICATION NUMBER
Classification number 236/.3
100 1# - MAIN ENTRY--PERSONAL NAME
Personal name Anderson, Robert,
Dates associated with a name 1841-1918.
245 10 - TITLE STATEMENT
Title Forgotten truths /
Statement of responsibility, etc. by Sir Robert Anderson.
250 ## - EDITION STATEMENT
Edition statement [2d ed.]
260 ## - PUBLICATION, DISTRIBUTION, ETC.
Place of publication, distribution, etc. Grand Rapids, Mich. :
Name of publisher, distributor, etc. Kregel Publications,
Date of publication, distribution, etc. c1980.
300 ## - PHYSICAL DESCRIPTION
Extent xiv, 150 p. ;
Dimensions 20 cm.
500 ## - GENERAL NOTE
General note Reprint of the 1914 ed. published by J. Nisbet, London.
500 ## - GENERAL NOTE
General note "Sir Robert Anderson library."
650 #0 - SUBJECT ADDED ENTRY--TOPICAL TERM
Topical term or geographic name entry element Second Advent.
650 #0 - SUBJECT ADDED ENTRY--TOPICAL TERM
Topical term or geographic name entry element Jews
General subdivision Election, Doctrine of.
942 ## - ADDED ENTRY ELEMENTS (KOHA)
Source of classification or shelving scheme Library of Congress Classification
Koha item type Books
Suppress in OPAC No
999 ## -
-- 6358
-- 6358
Holdings
Withdrawn status Lost status Source of classification or shelving scheme Damaged status Not for loan Collection Home library Current library Shelving location Date acquired Total checkouts Full call number Barcode Date last seen Copy number Price effective from Koha item type
    Library of Congress Classification     Non-fiction Undergraduate Library (Christ Temple) Undergraduate Library (Christ Temple) General stacks 06/09/2025   BT885.A53 ABD ulct00003116 06/09/2025 1 06/01/2025 Books
© 2023-2024 Copyright: Central University Libraries. All Rights Reserved | Created by: Mahone Tech Office